000 00436nam a22001697a 4500
001 00028449
005 20260304100409.0
008 260304b ag ||||| |||| 00| 0 spa d
040 _bspa
_cAR-CcCEOS
080 _a22
090 _bSAN
245 _aLa Santa Biblia :
_bantiguo y nuevo testamento
260 _aBuenos Aires :
_bSociedades Biblicas Unidas.
300 _a291 p. ;
_c18x13 cm.
650 0 _abiblia
942 _2udc
_cBK
999 _c28475
_d28475
945 _a66467
_bMelina Rolando
_c66467
_dMelina Rolando